Loading...
| Fine Arts - Classical Music | 3 | 6.67 | 33% | 33% | 0% |
| Fine Arts - Other | 1 | 0.00 | 0% | 0% | 0% |
| Fine Arts - Painting and Sculpture | 3 | 10.00 | 67% | 33% | 0% |
| History - American | 1 | 20.00 | 100% | 100% | 0% |
| History - European | 6 | 6.67 | 67% | 0% | 0% |
| History - Other | 1 | 0.00 | 0% | 0% | 0% |
| History - World | 5 | 6.00 | 60% | 0% | 0% |
| Literature - American | 5 | 8.00 | 80% | 0% | 0% |
| Literature - British | 1 | 0.00 | 0% | 0% | 0% |
| Literature - European | 3 | 10.00 | 100% | 0% | 0% |
| Literature - World | 2 | 10.00 | 100% | 0% | 0% |
| Mythology | 2 | 15.00 | 50% | 100% | 0% |
| Other Academic | 1 | 10.00 | 100% | 0% | 0% |
| Pop Culture | 1 | 0.00 | 0% | 0% | 0% |
| Religion | 3 | 10.00 | 67% | 0% | 33% |
| Science - Biology | 1 | 0.00 | 0% | 0% | 0% |
| Science - Chemistry | 4 | 12.50 | 100% | 25% | 0% |
| Science - Other | 1 | 10.00 | 100% | 0% | 0% |
| Science - Physics | 3 | 16.67 | 100% | 67% | 0% |
| Social Science | 4 | 7.50 | 75% | 0% | 0% |